| 000 | 00510nam a22001817a 4500 | ||
|---|---|---|---|
| 003 | NUST | ||
| 005 | 20230411092936.0 | ||
| 008 | 190720b ||||| |||| 00| 0 eng d | ||
| 015 | _qHard Cover. | ||
| 038 | _aMr. Zahoor. | ||
| 082 | _a658.4 | ||
| 100 |
_aFirdos ,Bilal Syed _918191 |
||
| 245 |
_aMARKETING IN A DARK INDUSTRY THE WORLD OF TOBACCO _cSyed Bilal Firdos. |
||
| 260 |
_aIslambad : _bNBS - NUST. _c2013. |
||
| 300 |
_a31 p. : ill. ; _c30cm. |
||
| 650 |
_aEMBA - Thesis _917645 |
||
| 942 |
_2ddc _cTHE |
||
| 999 |
_c527096 _d527096 |
||